Slice of life (Record no. 75884)
[ view plain ]
| 000 -LEADER | |
|---|---|
| fixed length control field | 01469cab a2200217 4500 |
| 001 - CONTROL NUMBER | |
| control field | ##L130921 |
| 008 - FIXED-LENGTH DATA ELEMENTS--GENERAL INFORMATION | |
| fixed length control field | 050919n2005 000 0 eng u |
| 035 ## - SYSTEM CONTROL NUMBER | |
| System control number | (Sirsi) u130921 |
| 041 0# - LANGUAGE CODE | |
| Language code of text/sound track or separate title | eng |
| 100 1# - MAIN ENTRY--PERSONAL NAME | |
| Personal name | Allen, Kate |
| 245 00 - TITLE STATEMENT | |
| Title | Slice of life |
| 260 ## - PUBLICATION, DISTRIBUTION, ETC. | |
| Date of publication, distribution, etc. | 2005 |
| 490 #0 - SERIES STATEMENT | |
| Series statement | Inside Housing |
| Volume/sequential designation | 22(35) 2 September 2005, 21-22(5) |
| 520 ## - SUMMARY, ETC. | |
| Summary, etc. | Takes a critical look at asset ownership, the agenda behind the government drive to promote affordable home ownership which has now metamorphosed into the suite of Homebuy products. Refers to the recent Institute for Public Policy Research paper (see L130861) as the first and damning examination of the policy objectives behind the asset ownership initiative. Surveys the mixed reactions by housing associations to the Homebuy programme. Outlines the private sector's interest in shared ownership. Asks the fundamental question about the asset ownership programme- who is it intended to help? The government target is people on low income but market experts see the main beneficiaries as those who cannot afford right to buy and young people with prospects starting at the bottom of the property ladder who will be able to staircase, increasing their share in their property over time. |
| 590 ## - LOCAL NOTE (RLIN) | |
| Local note | IKA270905 |
| 650 24 - SUBJECT ADDED ENTRY--TOPICAL TERM | |
| Topical term or geographic name entry element | Affordable housing |
| 9 (RLIN) | 6215 |
| 650 24 - SUBJECT ADDED ENTRY--TOPICAL TERM | |
| Topical term or geographic name entry element | DCLG HOMEBUY |
| 651 #4 - SUBJECT ADDED ENTRY--GEOGRAPHIC NAME | |
| Geographic name | England |
| Chronological subdivision | 886- |
| 690 ## - LOCAL SUBJECT ADDED ENTRY--TOPICAL TERM (OCLC, RLIN) | |
| Topical term or geographic name as entry element | PROPERTY-RESIDENTIAL PROPERTY-ACQUISITION AND DISPOSAL OF RESIDENTIAL PROPERTY |
| 942 ## - ADDED ENTRY ELEMENTS (KOHA) | |
| Suppress in OPAC | 0 |
| Withdrawn status | Lost status | Source of classification or shelving scheme | Damaged status | Not for loan | Home library | Current library | Shelving location | Date acquired | Total Checkouts | Full call number | Barcode | Date last seen | Copy number | Price effective from | Koha item type |
|---|---|---|---|---|---|---|---|---|---|---|---|---|---|---|---|
| Dewey Decimal Classification | London | London | Journal article | 19/09/2005 | L130921 | 130921-1001 | 06/08/2019 | 1 | 06/08/2019 | Journal article |